[Event "Zweibruecken PSB-ch op 82nd"]
[Site "Zweibruecken"]
[Date "2013.03.22"]
[Round "1"]
[White "Eremeev, Ilya"]
[Black "Diehl, Klaus"]
[Result "1-0"]
[WhiteElo "1342"]
[BlackElo "2082"]
[PlyCount "100"]
[EventDate "2013.??.??"]
[EventType "swiss"]
[EventRounds "5"]
[EventCountry "GER"]
[SourceTitle "EXT 2014"]
[Source "ChessBase"]
[SourceDate "2013.11.20"]
[SourceVersion "1"]
[SourceVersionDate "2013.11.20"]
[SourceQuality "1"]

1. e4 d6 2. d4 Nf6 3. Nc3 e5 4. dxe5 dxe5 5. Qxd8+ Kxd8 6. Bg5 Be6 7. Nf3 Nbd7 8. 0-0-0 Bd6 9. Bxf6+ gxf6 10. Nd2 Rg8 11. g3 Ke7 12. Bc4 Nb6 13. Nd5+ Nxd5 14. Bxd5 c6 15. Bxe6 fxe6 16. Nc4 Bc5 17. Rd2 b5 18. Na5 Rac8 19. Rhd1 Rc7 20. Nb3 Bb6 21. Kb1 a5 22. Nc1 a4 23. a3 h5 24. f3 Ba5 25. c3 Bb6 26. Ne2 h4 27. f4 exf4 28. gxf4 Rg4 29. h3 Rg2 30. Nd4 Rg3 31. Rd3 Rg2 32. Nf3 Re2 33. Nxh4 Rxe4 34. Ng6+ Kf7 35. Rg3 Re3 36. Nh8+ Ke7 37. Ng6+ Ke8 38. Rxe3 Bxe3 39. Re1 Kf7 40. Nh8+ Kg7 41. Rxe3 Re7 42. f5 Kxh8 43. Rxe6 Rxe6 44. fxe6 Kg7 45. h4 Kf8 46. h5 f5 47. Kc2 f4 48. Kd2 c5 49. Ke2 c4 50. h6 b4 1-0